000 00359nam a2200133Ia 4500
008 240624s9999 xx 000 0 und d
041 _aeng
082 _a658.15 GIT
100 _aGITMAN LAWRENCE J
245 _aPRINCIPLES OF MANAGERIAL FINANCE
250 _a(11th ed.)
260 _c2009
_aNew Delhi
_bPearson Education
300 _axxx, : 685 : p. : cm. ; 25
999 _c20590
_d20590